[Event "FICS rated standard game"]
[Site "FICS freechess.org"]
[Date "2018.01.24"]
[Round "?"]
[White "BillPP"]
[Black "SzelestPKP"]
[Result "1-0"]
[WhiteElo "1539"]
[BlackElo "1557"]
[PlyCount "63"]
[EventDate "2018.??.??"]

1. e4 e5 2. Nf3 Nc6 3. c3 Nf6 4. Qc2 g6 5. d4 exd4 6. cxd4 Bg7 7. e5 Nd5 8. Bg5
Nce7 9. Bc4 c6 10. Qb3 Qa5+ 11. Nc3 Nxc3 12. bxc3 Nd5 13. Bxd5 cxd5 14. O-O O-O
15. Bd2 Qd8 16. Qxd5 Kh8 17. Bg5 f6 18. Bh4 g5 19. Bg3 fxe5 20. Nxe5 d6 21.
Nf7+ Rxf7 22. Qxf7 Bd7 23. Rfe1 Qc7 24. Rac1 Rf8 25. Qd5 Bc6 26. Qxd6 Qf7 27.
Re7 Qh5 28. d5 Bxc3 29. Qc7 Bd2 30. Be5+ Kg8 31. Rg7+ Kh8 32. Rxh7+ {Black
resigns} 1-0

[Event "FICS rated blitz game"]
[Site "FICS freechess.org"]
[Date "2018.01.24"]
[Round "?"]
[White "Owlbick"]
[Black "scarsetto"]
[Result "1-0"]
[WhiteElo "1096"]
[BlackElo "1078"]
[PlyCount "59"]
[EventDate "2018.??.??"]
[EventType "blitz"]

1. e4 e5 2. Nf3 Nc6 3. c3 Bc5 4. a3 Nf6 5. b4 Bb6 6. Bb5 Ng4 7. O-O Ne7 8. Bc4
d6 9. d4 exd4 10. cxd4 a6 11. a4 Ba7 12. h3 h5 13. Ng5 Rf8 14. hxg4 hxg4 15.
Be3 b5 16. axb5 axb5 17. Bb3 c5 18. dxc5 dxc5 19. Qxd8+ Kxd8 20. Rd1+ Ke8 21.
bxc5 Ng6 22. Bd5 Rb8 23. Bc6+ Ke7 24. g3 Ne5 25. Rxa7+ Kf6 26. Nh7+ Kg6 27.
Nxf8+ Kh5 28. Bd5 Nf3+ 29. Kg2 f6 30. Rh1+ {Black resigns} 1-0

[Event "FICS rated standard game"]
[Site "FICS freechess.org"]
[Date "2018.01.24"]
[Round "?"]
[White "jairobarroso"]
[Black "Cantabrico"]
[Result "1-0"]
[WhiteElo "1504"]
[BlackElo "1338"]
[PlyCount "35"]
[EventDate "2018.??.??"]

1. e4 e5 2. Nf3 Nc6 3. c3 Bc5 4. Bb5 Nge7 5. Ba4 d6 6. d4 exd4 7. cxd4 Bb4+ 8.
Nc3 Bxc3+ 9. bxc3 Bd7 10. Bb3 O-O 11. O-O a6 12. Bg5 h6 13. Bh4 Kh8 14. Qd3 f6
15. Bc2 Ng6 16. e5 fxe5 17. Qxg6 Qc8 18. Qh7# {Black checkmated} 1-0

[Event "FICS rated lightning game"]
[Site "FICS freechess.org"]
[Date "2018.01.24"]
[Round "?"]
[White "Invited"]
[Black "rossoscuro"]
[Result "1-0"]
[WhiteElo "1779"]
[BlackElo "1848"]
[PlyCount "31"]
[EventDate "2018.??.??"]

1. e4 e5 2. Nf3 Nc6 3. c3 d6 4. d4 Bg4 5. Bb5 Bxf3 6. Qxf3 exd4 7. Bxc6+ bxc6
8. cxd4 Nf6 9. Nc3 Be7 10. O-O O-O 11. h3 Rb8 12. b3 c5 13. d5 c6 14. dxc6 Qb6
15. Nd5 Qxc6 16. Nxe7+ {Black resigns} 1-0

[Event "FICS rated blitz game"]
[Site "FICS freechess.org"]
[Date "2018.01.24"]
[Round "?"]
[White "Lemmy"]
[Black "Bobok"]
[Result "0-1"]
[WhiteElo "1264"]
[BlackElo "1590"]
[PlyCount "64"]
[EventDate "2018.??.??"]
[EventType "blitz"]

1. e4 e5 2. Nf3 Nc6 3. c3 d5 4. exd5 Qxd5 5. c4 Qd8 6. Nc3 Nf6 7. Be2 Be7 8.
O-O O-O 9. d3 Bf5 10. Be3 Re8 11. Nh4 Bg6 12. Nxg6 hxg6 13. Qc2 Qd7 14. a3 Rad8
15. Rad1 Ng4 16. Bc1 Bf6 17. h3 Nh6 18. g4 g5 19. Be3 Nd4 20. Qd2 Ne6 21. Ne4
Nf4 22. Nxf6+ gxf6 23. Bf3 Nxh3+ 24. Kg2 Nf4+ 25. Bxf4 gxf4 26. Rh1 Nxg4 27.
Qe2 f5 28. Rh4 Nf6 29. Rh6 Kg7 30. Rdh1 Qxd3 31. Rxf6 Qxe2 32. Bxe2 Kxf6 {
White resigns} 0-1

[Event "FICS rated lightning game"]
[Site "FICS freechess.org"]
[Date "2018.01.24"]
[Round "?"]
[White "Invited"]
[Black "rossoscuro"]
[Result "0-1"]
[WhiteElo "1787"]
[BlackElo "1840"]
[PlyCount "78"]
[EventDate "2018.??.??"]

1. e4 e5 2. Nf3 Nc6 3. c3 d6 4. d4 Bg4 5. Bb5 Bxf3 6. Qxf3 exd4 7. cxd4 a6 8.
Bxc6+ bxc6 9. Nc3 Be7 10. Be3 Nf6 11. O-O O-O 12. h3 Rb8 13. b3 Qd7 14. Rad1
Rfe8 15. e5 dxe5 16. dxe5 Nd5 17. Nxd5 cxd5 18. Rxd5 Qe6 19. Rfd1 h6 20. g4 Bh4
21. Qe4 Rb5 22. f4 Rxd5 23. Rxd5 Qc6 24. Kg2 g6 25. Kf3 Kg7 26. f5 g5 27. f6+
Kg8 28. Rc5 Qd7 29. Bd4 a5 30. Rc6 a4 31. e6 fxe6 32. Qg6+ Kf8 33. Qxh6+ Kg8
34. Qg6+ Kf8 35. Qh6+ Kg8 36. Qg6+ Kf8 37. f7 Qxf7+ 38. Qxf7+ Kxf7 39. Rxc7+
Kg6 0-1

[Event "FICS unrated blitz game"]
[Site "FICS freechess.org"]
[Date "2018.01.24"]
[Round "?"]
[White "ukw"]
[Black "pgera"]
[Result "0-1"]
[WhiteElo "1602"]
[BlackElo "1250"]
[PlyCount "70"]
[EventDate "2018.??.??"]
[EventType "blitz"]

1. e4 e5 2. Nf3 Nc6 3. c3 Nf6 4. d4 exd4 5. e5 Nd5 6. cxd4 Bb4+ 7. Nbd2 O-O 8.
a3 Bxd2+ 9. Bxd2 d6 10. Bb5 dxe5 11. Bxc6 bxc6 12. dxe5 Bg4 13. O-O Re8 14. Re1
Re6 15. Re4 Bf5 16. Re2 Bg4 17. Qb3 Rb8 18. Qd3 Qe7 19. Bg5 Qc5 20. b4 Qb5 21.
Qxb5 Rxb5 22. Rc2 Bxf3 23. gxf3 f6 24. exf6 Nxf6 25. Rac1 Rxg5+ 26. Kf1 Rh5 27.
Kg1 Nd5 28. Rxc6 Rxc6 29. Rxc6 Re5 30. Ra6 Re1+ 31. Kg2 Nf4+ 32. Kg3 Ne2+ 33.
Kg4 Rg1+ 34. Kh3 Nf4+ 35. Kh4 g5# {White checkmated} 0-1

[Event "FICS rated lightning game"]
[Site "FICS freechess.org"]
[Date "2018.01.24"]
[Round "?"]
[White "intihuantana"]
[Black "rossoscuro"]
[Result "0-1"]
[WhiteElo "2012"]
[BlackElo "1881"]
[PlyCount "114"]
[EventDate "2018.??.??"]

1. e4 e5 2. Nf3 Nc6 3. c3 d5 4. Qa4 dxe4 5. Nxe5 Bd7 6. Nxd7 Qxd7 7. Qxe4+ Be7
8. d4 O-O-O 9. Be2 Nf6 10. Qc2 Bd6 11. O-O h5 12. b4 h4 13. a4 h3 14. g3 Nh5
15. a5 f5 16. b5 Ne7 17. b6 a6 18. bxc7 Bxc7 19. Nd2 f4 20. Nc4 fxg3 21. fxg3
Nd5 22. Qf5 Qxf5 23. Rxf5 Nxg3 24. hxg3 h2+ 25. Kh1 Nxc3 26. Bg4 Kb8 27. Bb2
Ne4 28. Kg2 Nxg3 29. Rg5 h1=Q+ 30. Rxh1 Nxh1 31. Rxg7 Rhg8 32. Rxg8 Rxg8 33.
Kxh1 Rxg4 34. d5 Rxc4 35. d6 Bxd6 36. Bg7 Rh4+ 37. Kg2 Rg4+ 38. Kf3 Rxg7 39.
Ke4 Rg5 40. Kd4 Rxa5 41. Kc4 Rh5 42. Kd3 b5 43. Kc3 Rc5+ 44. Kb3 Kb7 45. Kb4
Kb6 46. Kb3 a5 47. Kb2 a4 48. Ka3 Ka5 49. Ka2 Rc2+ 50. Kb1 Rc4 51. Kb2 a3+ 52.
Ka2 Rb4 53. Ka1 Ra4 54. Ka2 Kb4 55. Ka1 Kb3 56. Kb1 a2+ 57. Ka1 Be5# {White
checkmated} 0-1

[Event "FICS rated blitz game"]
[Site "FICS freechess.org"]
[Date "2018.01.24"]
[Round "?"]
[White "willyaplayme"]
[Black "AlheeKing"]
[Result "1-0"]
[WhiteElo "1417"]
[BlackElo "1349"]
[PlyCount "59"]
[EventDate "2018.??.??"]
[EventType "blitz"]

1. e4 e5 2. Nf3 Nc6 3. c3 Nf6 4. Qe2 Bc5 5. h3 d5 6. d3 dxe4 7. dxe4 O-O 8.
Nbd2 Qe7 9. g3 b6 10. Bg2 Na5 11. b3 Bb7 12. b4 Bxb4 13. cxb4 Nc6 14. a3 a5 15.
b5 Nd4 16. Nxd4 exd4 17. Qd3 Rfe8 18. O-O Nxe4 19. Nxe4 Bxe4 20. Bxe4 Kh8 21.
Re1 Qc5 22. Bf4 Rad8 23. Qf3 Qc4 24. Bd3 Rxe1+ 25. Rxe1 Qc3 26. Qe4 g6 27. h4
f5 28. Qe5+ Kg8 29. Bh6 Rd7 30. Qe8# {Black checkmated} 1-0

[Event "FICS rated blitz game"]
[Site "FICS freechess.org"]
[Date "2018.01.24"]
[Round "?"]
[White "capricornus"]
[Black "MrPal"]
[Result "0-1"]
[WhiteElo "1341"]
[BlackElo "1331"]
[PlyCount "102"]
[EventDate "2018.??.??"]
[EventType "blitz"]

1. e4 e5 2. Nf3 Nc6 3. c3 Bc5 4. d3 Qf6 5. Be2 Nge7 6. O-O d6 7. Bg5 Qg6 8.
Bxe7 Nxe7 9. Nh4 Qg5 10. g3 Ng6 11. Nxg6 Qxg6 12. Bh5 Qg5 13. Nd2 Bh3 14. Bf3
O-O-O 15. b4 Bb6 16. Bg2 Bg4 17. Qe1 h5 18. h4 Qf6 19. a4 a6 20. b5 axb5 21.
axb5 g5 22. d4 exd4 23. cxd4 Qxd4 24. Nf3 Bxf3 25. Bxf3 gxh4 26. Ra8+ Kd7 27.
Qe2 hxg3 28. Kg2 gxf2 29. Rxd8+ Rxd8 30. Bxh5 Rg8+ 31. Bg4+ Ke7 32. Kg3 Qe5+
33. Kg2 Qf4 34. Rxf2 Bxf2 35. Qxf2 Qxg4+ 36. Kf1 Qd1+ 37. Qe1 Qd3+ 38. Qe2 Qb1+
39. Kf2 Rg6 40. e5 Qf5+ 41. Ke1 Rg1+ 42. Kd2 Qf4+ 43. Kc2 Qxe5 44. Qxe5+ dxe5
45. Kc3 f5 46. Kc4 e4 47. Kd4 Re1 48. Ke5 e3 49. Kxf5 e2 50. Kf4 Rf1+ 51. Ke3
e1=Q+ {White resigns} 0-1

[Event "FICS rated lightning game"]
[Site "FICS freechess.org"]
[Date "2018.01.24"]
[Round "?"]
[White "intihuantana"]
[Black "rossoscuro"]
[Result "1-0"]
[WhiteElo "2001"]
[BlackElo "1892"]
[PlyCount "83"]
[EventDate "2018.??.??"]

1. e4 e5 2. Nf3 Nc6 3. c3 Nf6 4. d4 exd4 5. e5 Qe7 6. Qe2 Nd5 7. cxd4 d6 8.
exd6 Qxe2+ 9. Bxe2 Bxd6 10. Nc3 Nxc3 11. bxc3 O-O 12. O-O Bg4 13. h3 Bh5 14.
Re1 Rae8 15. Bb2 f6 16. g4 Bg6 17. Nh4 Bf7 18. Bf3 Na5 19. Nf5 Bf4 20. Be2 b6
21. Kg2 c5 22. Kf3 Bc7 23. Bb5 Rxe1 24. Rxe1 cxd4 25. Nxd4 Nb7 26. Nf5 Nc5 27.
Ba3 Rd8 28. Ne7+ Kh8 29. Kg2 h5 30. Nc6 hxg4 31. hxg4 Rd2 32. Nd4 Rxa2 33. Bxc5
bxc5 34. Nf5 Rb2 35. Bd7 Kh7 36. Re7 Bg6 37. Rxg7+ Kh8 38. Rxg6 Bb6 39. Be6 Re2
40. Ne7 Rxe6 41. Rg7 Rxe7 42. Rg8+ 1-0

[Event "FICS rated blitz game"]
[Site "FICS freechess.org"]
[Date "2018.01.24"]
[Round "?"]
[White "Kjosavik"]
[Black "KIAUA"]
[Result "1-0"]
[WhiteElo "1470"]
[BlackElo "1355"]
[PlyCount "81"]
[EventDate "2018.??.??"]
[EventType "blitz"]

1. e4 e5 2. Nf3 Nc6 3. c3 Bc5 4. d3 d6 5. Be3 Bxe3 6. fxe3 Bg4 7. Be2 Nf6 8.
O-O Qd7 9. Nbd2 h5 10. h3 Be6 11. Ng5 O-O-O 12. Nxe6 Qxe6 13. d4 exd4 14. exd4
d5 15. e5 Ne4 16. Nxe4 dxe4 17. Bxh5 Nxe5 18. Be2 Qg6 19. Qb3 Nc6 20. Qxf7 Qg3
21. Bg4+ Kb8 22. Rae1 b6 23. Qc4 Na5 24. Qb5 Rhe8 25. b4 Nb7 26. a4 Nd6 27. Qg5
Qxc3 28. Qxg7 Qxb4 29. Ra1 Rg8 30. Qe5 Rde8 31. Qd5 Rd8 32. a5 b5 33. Rfb1 Qc3
34. Rxb5+ Nxb5 35. Qxb5+ Ka8 36. Rb1 Rb8 37. Qd5+ c6 38. Rxb8+ Rxb8 39. Qxe4
Rb1+ 40. Kh2 Qc1 41. Qe8+ 1-0

[Event "FICS rated lightning game"]
[Site "FICS freechess.org"]
[Date "2018.01.24"]
[Round "?"]
[White "Invited"]
[Black "rossoscuro"]
[Result "0-1"]
[WhiteElo "1771"]
[BlackElo "1856"]
[PlyCount "96"]
[EventDate "2018.??.??"]

1. e4 e5 2. Nf3 Nc6 3. c3 d5 4. Qa4 dxe4 5. Nxe5 Bd7 6. Nxd7 Qxd7 7. Qxe4+ Be7
8. d4 Nf6 9. Qf3 O-O-O 10. Be3 h6 11. Bb5 g5 12. O-O g4 13. Qf4 Nd5 14. Qe4
Rhe8 15. Bd3 Bg5 16. Qh7 Bxe3 17. fxe3 Nxe3 18. Rf2 Rh8 19. Qe4 f5 20. Qf4 Rde8
21. Nd2 h5 22. Re1 Nd5 23. Rxe8+ Rxe8 24. Qg5 Kb8 25. Bxf5 Qe7 26. Qxe7 Ndxe7
27. g3 Nxf5 28. Rxf5 Re1+ 29. Rf1 Rxf1+ 30. Kxf1 Ne7 31. Kf2 c6 32. Ke3 Kc7 33.
Kf4 Kd6 34. Kg5 Nd5 35. Kxh5 Ne3 36. Kg5 c5 37. Kf4 Nd1 38. dxc5+ Kxc5 39. b4+
Kd6 40. c4 Ke6 41. Kxg4 Kf6 42. h4 Ne3+ 43. Kf4 Nf5 44. g4 Nxh4 45. g5+ Kg6 46.
Kg4 Ng2 47. Kg3 Ne3 48. Kf4 Nxc4 0-1

[Event "FICS rated lightning game"]
[Site "FICS freechess.org"]
[Date "2018.01.24"]
[Round "?"]
[White "Invited"]
[Black "rossoscuro"]
[Result "1-0"]
[WhiteElo "1762"]
[BlackElo "1857"]
[PlyCount "45"]
[EventDate "2018.??.??"]

1. e4 e5 2. Nf3 Nc6 3. c3 d5 4. Qa4 dxe4 5. Nxe5 Bd7 6. Nxd7 Qxd7 7. Qxe4+ Be7
8. d4 O-O-O 9. Qf3 f5 10. Bd3 g6 11. O-O Nf6 12. Re1 h5 13. Bg5 Rdf8 14. Nd2 h4
15. h3 Bd6 16. Bb5 a6 17. Ba4 b5 18. Bb3 Ne4 19. Nxe4 fxe4 20. Qxe4 Rf5 21. Be6
Rf4 22. Qxc6 Rxf2 23. Qa8# {Black checkmated} 1-0

[Event "FICS rated lightning game"]
[Site "FICS freechess.org"]
[Date "2018.01.24"]
[Round "?"]
[White "Invited"]
[Black "Megazeitnot"]
[Result "1-0"]
[WhiteElo "1786"]
[BlackElo "1789"]
[PlyCount "49"]
[EventDate "2018.??.??"]

1. e4 e5 2. Nf3 Nc6 3. c3 f5 4. d4 fxe4 5. Nxe5 Nf6 6. Bb5 Be7 7. Qb3 Nxe5 8.
dxe5 Ng4 9. Bf4 a6 10. Be2 d6 11. Nd2 Nxe5 12. Bxe5 dxe5 13. O-O-O Bd6 14. Nxe4
Qe7 15. Bc4 Bd7 16. Qxb7 Rd8 17. Nxd6+ cxd6 18. Qd5 Bb5 19. Bb3 g6 20. g3 Kf8
21. f4 Kg7 22. Rhe1 Rhe8 23. fxe5 dxe5 24. Qe4 Rxd1+ 25. Rxd1 1-0

[Event "FICS rated blitz game"]
[Site "FICS freechess.org"]
[Date "2018.01.24"]
[Round "?"]
[White "RADACK"]
[Black "mattzig"]
[Result "1-0"]
[WhiteElo "1514"]
[BlackElo "1472"]
[PlyCount "91"]
[EventDate "2018.??.??"]
[EventType "blitz"]

1. e4 e5 2. Nf3 Nc6 3. c3 Bc5 4. b4 Bb6 5. b5 Nce7 6. Nxe5 Ng6 7. d4 d6 8. Nc4
c6 9. a4 a6 10. bxc6 bxc6 11. Nxb6 Qxb6 12. Ba3 c5 13. d5 N8e7 14. Bd3 O-O 15.
O-O f5 16. Nd2 fxe4 17. Bxe4 Ne5 18. c4 N7g6 19. Rb1 Qd8 20. Qc2 Qg5 21. Bb2
Bh3 22. Bxe5 Nxe5 23. Rb3 Nf3+ 24. Bxf3 Rxf3 25. g3 Rxb3 26. Nxb3 Bxf1 27. Kxf1
Rf8 28. Na5 Qh5 29. Kg1 Qe5 30. Nc6 Qe1+ 31. Kg2 h6 32. h4 Kh8 33. h5 Re8 34.
Qg6 Re2 35. Qf5 Re8 36. Qf7 Qe4+ 37. Kg1 Qe1+ 38. Kg2 Qe4+ 39. Kh2 Ra8 40. Qd7
Qxc4 41. Nd8 Qxd5 42. Ne6 Rg8 43. Nf4 Qg5 44. Ng6+ Kh7 45. Nf4 Rf8 46. Qxd6 1-0

[Event "FICS rated blitz game"]
[Site "FICS freechess.org"]
[Date "2018.01.24"]
[Round "?"]
[White "capricornus"]
[Black "ReallyBadPlayer"]
[Result "1-0"]
[WhiteElo "1344"]
[BlackElo "1352"]
[PlyCount "25"]
[EventDate "2018.??.??"]
[EventType "blitz"]

1. e4 e5 2. Nf3 Nc6 3. c3 Bc5 4. d3 d6 5. b4 Bb6 6. Bb2 Nf6 7. Be2 h6 8. a4 a6
9. Nbd2 Bg4 10. O-O Qe7 11. b5 axb5 12. axb5 Ra7 13. Rxa7 {Black resigns} 1-0

[Event "FICS rated blitz game"]
[Site "FICS freechess.org"]
[Date "2018.01.24"]
[Round "?"]
[White "RADACK"]
[Black "mattzig"]
[Result "1-0"]
[WhiteElo "1528"]
[BlackElo "1458"]
[PlyCount "75"]
[EventDate "2018.??.??"]
[EventType "blitz"]

1. e4 e5 2. Nf3 Nc6 3. c3 Bc5 4. b4 Bb6 5. b5 Nce7 6. Nxe5 d6 7. Nc4 c6 8. a4
a6 9. bxc6 bxc6 10. Nxb6 Qxb6 11. d4 Nf6 12. Bd3 O-O 13. O-O d5 14. e5 Ne4 15.
Qc2 Ng6 16. Bxe4 dxe4 17. Qxe4 f5 18. exf6 Rxf6 19. Be3 Qc7 20. Nd2 Be6 21.
Rab1 Bd5 22. Qd3 Raf8 23. c4 Be6 24. Ne4 Rf5 25. Ng3 R5f6 26. d5 Bf5 27. Nxf5
Rxf5 28. d6 Qd7 29. c5 Ne5 30. Qxa6 Ng4 31. h3 Nxe3 32. fxe3 Rxf1+ 33. Rxf1
Rxf1+ 34. Kxf1 Qf5+ 35. Kg1 Qxc5 36. Qc8+ Kf7 37. Qf5+ Kg8 38. Qxc5 {Black
resigns} 1-0

[Event "FICS rated blitz game"]
[Site "FICS freechess.org"]
[Date "2018.01.24"]
[Round "?"]
[White "capricornus"]
[Black "BlueLeader"]
[Result "1-0"]
[WhiteElo "1350"]
[BlackElo "1347"]
[PlyCount "73"]
[EventDate "2018.??.??"]
[EventType "blitz"]

1. e4 e5 2. Nf3 Nc6 3. c3 Nf6 4. d3 d6 5. b4 Be7 6. b5 Nb8 7. Bb2 O-O 8. Nbd2
c6 9. a4 cxb5 10. axb5 Nbd7 11. Be2 b6 12. O-O Bb7 13. c4 Nc5 14. Nb3 Nxb3 15.
Qxb3 Nd7 16. Ba3 Nc5 17. Bxc5 dxc5 18. Nxe5 Bf6 19. Nf3 Bxa1 20. Rxa1 Qf6 21.
Rf1 Rad8 22. Qa2 Ra8 23. h3 Rfd8 24. Rd1 Qc3 25. Ne1 Rd6 26. Bf3 a6 27. bxa6
Rxa6 28. Qe2 Ra1 29. Rxa1 Qxa1 30. Kh2 Rd8 31. e5 Bxf3 32. Nxf3 Qc3 33. e6 fxe6
34. Qxe6+ Kh8 35. Ne5 Qd4 36. Nf7+ Kg8 37. Nxd8+ {Black resigns} 1-0

[Event "FICS rated blitz game"]
[Site "FICS freechess.org"]
[Date "2018.01.24"]
[Round "?"]
[White "sampaths"]
[Black "shrjyasheng"]
[Result "1-0"]
[WhiteElo "1557"]
[BlackElo "1267"]
[PlyCount "65"]
[EventDate "2018.??.??"]
[EventType "blitz"]

1. e4 Nc6 2. Nf3 e5 3. c3 a6 4. d4 exd4 5. cxd4 Bb4+ 6. Nc3 Ba5 7. Bc4 d6 8.
O-O Bg4 9. h3 Bxf3 10. Qxf3 Qf6 11. Qxf6 gxf6 12. d5 Bb6 13. dxc6 bxc6 14. Bd2
Ne7 15. Rfe1 Ng6 16. Rad1 Ne5 17. Bb3 Rg8 18. Be3 c5 19. Nd5 Nf3+ 20. Kf1 Nxe1
21. Nxf6+ Kf8 22. Nxg8 Kxg8 23. Kxe1 Re8 24. Bd5 Re5 25. Ke2 Kg7 26. f4 Re7 27.
g4 f6 28. Kf3 h6 29. h4 Ba5 30. g5 hxg5 31. hxg5 fxg5 32. fxg5 Re5 33. Rh1 {
Black resigns} 1-0

[Event "FICS rated blitz game"]
[Site "FICS freechess.org"]
[Date "2018.01.24"]
[Round "?"]
[White "RADACK"]
[Black "CALBOT"]
[Result "1-0"]
[WhiteElo "1562"]
[BlackElo "1424"]
[PlyCount "49"]
[EventDate "2018.??.??"]
[EventType "blitz"]

1. e4 e5 2. Nf3 Nc6 3. c3 Nf6 4. Qc2 d5 5. exd5 Nxd5 6. d4 exd4 7. cxd4 Nxd4 8.
Nxd4 Bb4+ 9. Nc3 Qe7+ 10. Be2 Nxc3 11. bxc3 Bc5 12. O-O O-O 13. Bd3 g6 14. Bh6
Re8 15. Rfe1 Be6 16. Nxe6 fxe6 17. Bc4 Kh8 18. Rxe6 Qh4 19. Rxe8+ Rxe8 20. Bf7
Re7 21. Qd2 Bd6 22. g3 Qf6 23. Bb3 Qf3 24. Be3 Qe4 25. Bd4+ {Black resigns} 1-0

[Event "FICS rated blitz game"]
[Site "FICS freechess.org"]
[Date "2018.01.24"]
[Round "?"]
[White "NicolausSilver"]
[Black "smarlny"]
[Result "0-1"]
[WhiteElo "1323"]
[BlackElo "1426"]
[PlyCount "56"]
[EventDate "2018.??.??"]
[EventType "blitz"]

1. e4 e5 2. Nf3 Nc6 3. c3 Nf6 4. Ng5 h6 5. Nxf7 Kxf7 6. Bc4+ d5 7. exd5 Nxd5 8.
Qf3+ Ke6 9. O-O Qf6 10. Bxd5+ Kd6 11. Bxc6 bxc6 12. Qd3+ Ke7 13. f4 Bf5 14. Qe2
e4 15. d4 Kf7 16. Qc4+ Qe6 17. d5 Qxd5 18. Qa6 Rb8 19. c4 Qc5+ 20. Kh1 Bd6 21.
Nc3 Qb6 22. Qa4 Rhe8 23. a3 e3 24. b4 Qd4 25. c5 Qxc3 26. Bxe3 Qxe3 27. cxd6
cxd6 28. Qxa7+ Qxa7 {White resigns} 0-1

[Event "FICS rated blitz game"]
[Site "FICS freechess.org"]
[Date "2018.01.24"]
[Round "?"]
[White "franguly"]
[Black "hansdewinter"]
[Result "1-0"]
[WhiteElo "1323"]
[BlackElo "1509"]
[PlyCount "67"]
[EventDate "2018.??.??"]
[EventType "blitz"]

1. e4 e5 2. Nf3 Nc6 3. c3 Bc5 4. d4 exd4 5. cxd4 Bb6 6. Be3 d6 7. Bb5 Bd7 8.
O-O Nge7 9. Nbd2 O-O 10. a3 Bg4 11. h3 Bh5 12. Qc2 h6 13. Be2 a6 14. Nc4 Ba7
15. d5 Bxf3 16. Bxf3 Ne5 17. Nxe5 dxe5 18. Bxa7 Rxa7 19. Rac1 c6 20. Qc5 Ra8
21. d6 Nc8 22. Rcd1 Qf6 23. Be2 Rd8 24. f4 exf4 25. d7 Ne7 26. Rxf4 Qe6 27. Bg4
f5 28. exf5 Nxf5 29. Bxf5 Qe2 30. Qc2 Qe3+ 31. Qf2 Qe5 32. Qd4 Qe2 33. Qc4+ Kh8
34. Qxe2 {Black resigns} 1-0

[Event "FICS rated standard game"]
[Site "FICS freechess.org"]
[Date "2018.01.24"]
[Round "?"]
[White "proximab"]
[Black "scuberthouse"]
[Result "1-0"]
[WhiteElo "2178"]
[BlackElo "1439"]
[PlyCount "29"]
[EventDate "2018.??.??"]

1. e4 e5 2. Nf3 Nc6 3. c3 f6 4. Bc4 d6 5. O-O Bg4 6. Bxg8 Rxg8 7. Qb3 Ne7 8.
Qb5+ c6 9. Qxb7 g5 10. d3 h5 11. Nbd2 h4 12. Nc4 Kf7 13. Nxd6+ Kg7 14. h3 Kh8
15. Nf7+ {Black resigns} 1-0

[Event "FICS rated blitz game"]
[Site "FICS freechess.org"]
[Date "2018.01.24"]
[Round "?"]
[White "denk"]
[Black "scottizu"]
[Result "1-0"]
[WhiteElo "1452"]
[BlackElo "1454"]
[PlyCount "57"]
[EventDate "2018.??.??"]
[EventType "blitz"]

1. e4 e5 2. Nf3 Nc6 3. c3 d5 4. Bd3 dxe4 5. Bxe4 f5 6. Bxc6+ bxc6 7. O-O e4 8.
Re1 Qf6 9. d3 Bd6 10. dxe4 fxe4 11. Rxe4+ Kf7 12. Qb3+ Be6 13. Rxe6 Qxe6 14.
Ng5+ Kf8 15. Nxe6+ Kf7 16. Nxc7+ Kf8 17. Ne6+ Kf7 18. Nc7+ Kf8 19. Nxa8 Ne7 20.
Qb7 Nd5 21. Qc8+ Kf7 22. Qxh8 h5 23. Qxh5+ Kf6 24. Bg5+ Kf5 25. g4+ Ke4 26.
Nd2+ Kd3 27. Qg6+ Ke2 28. Qe4+ Ne3 29. Qxe3# {Black checkmated} 1-0

[Event "FICS rated blitz game"]
[Site "FICS freechess.org"]
[Date "2018.01.24"]
[Round "?"]
[White "kiknit"]
[Black "CALBOT"]
[Result "1-0"]
[WhiteElo "1477"]
[BlackElo "1426"]
[PlyCount "113"]
[EventDate "2018.??.??"]
[EventType "blitz"]

1. e4 e5 2. Nf3 Nc6 3. c3 Nf6 4. d4 exd4 5. cxd4 d6 6. e5 dxe5 7. d5 Nxd5 8.
Bb5 Bb4+ 9. Bd2 Bg4 10. h3 Bh5 11. Bxb4 Ndxb4 12. Qb3 Nd5 13. O-O O-O 14. Bxc6
bxc6 15. Nxe5 Qd6 16. Qg3 f6 17. Nc4 Qxg3 18. fxg3 Be2 19. Rc1 Nb4 20. Nca3
Rfe8 21. Nc3 Bh5 22. Na4 Re3 23. Nc5 Rxg3 24. Kh2 Re3 25. Nd7 Re2 26. Rf1 Rxb2
27. Rae1 Nd3 28. Re7 Rd8 29. Nc4 Rxa2 30. Ne3 Nb4 31. Nf5 Nd5 32. Rxg7+ Kh8 33.
Nc5 Bg6 34. Ne6 Re8 35. Nxc7 Ree2 36. Rg1 Bxf5 37. Rf7 Be4 38. Ne8 Bxg2 39. Kg3
Ra3+ 40. Kg4 Re4+ 41. Kf5 Ne3+ 42. Kxf6 Rf4+ 43. Ke7 Rxf7+ 44. Kxf7 Bd5+ 45.
Kf6 Nc4 46. Ke7 Re3+ 47. Kd7 Be6+ 48. Kxc6 Bxh3 49. Nf6 Re6+ 50. Kd5 Rxf6 51.
Kxc4 a5 52. Kb5 a4 53. Kxa4 Rf4+ 54. Kb5 Be6 55. Kc6 Rc4+ 56. Kd6 Bh3 57. Ke7
1-0

[Event "FICS rated blitz game"]
[Site "FICS freechess.org"]
[Date "2018.01.24"]
[Round "?"]
[White "arju"]
[Black "Cilon"]
[Result "0-1"]
[WhiteElo "1672"]
[BlackElo "1697"]
[PlyCount "98"]
[EventDate "2018.??.??"]
[EventType "blitz"]

1. e4 e5 2. Nf3 Nc6 3. c3 Nf6 4. d3 d5 5. exd5 Qxd5 6. Be2 Bc5 7. O-O Bg4 8.
Nbd2 O-O-O 9. Nb3 Bb6 10. Qc2 e4 11. dxe4 Nxe4 12. Bf4 Qf5 13. Be3 Rhe8 14.
Rad1 Ne5 15. Nxe5 Rxd1 16. Bxg4 Rxf1+ 17. Kxf1 Qxg4 18. Nxg4 f5 19. Bxb6 axb6
20. Ne3 g6 21. f3 Nd6 22. Nd4 Rxe3 23. Kf2 Re8 24. b4 c5 25. bxc5 bxc5 26. Nb3
b6 27. Qd3 Kc7 28. Qd5 Re7 29. a4 Rd7 30. Qa8 Nb7 31. a5 bxa5 32. Nxa5 Nxa5 33.
Qxa5+ Kc6 34. Ke3 Re7+ 35. Kf4 Rd7 36. h4 h6 37. Qa4+ Kd6 38. Qc4 Re7 39. Qa6+
Kd5 40. Qxg6 Rc7 41. Qxf5+ Kc4 42. Qe5 Rc6 43. g4 Kb5 44. Qe2+ c4 45. Qe5+ Rc5
46. Qb8+ Kc6 47. Qa8+ Kd6 48. Qa6+ Rc6 49. Qa3+ Kc7 0-1

[Event "FICS rated blitz game"]
[Site "FICS freechess.org"]
[Date "2018.01.23"]
[Round "?"]
[White "franguly"]
[Black "puthoor"]
[Result "1-0"]
[WhiteElo "1344"]
[BlackElo "1388"]
[PlyCount "81"]
[EventDate "2018.??.??"]
[EventType "blitz"]

1. e4 e5 2. Nf3 Nc6 3. c3 d5 4. exd5 Qxd5 5. d3 h6 6. Be3 Bd6 7. Nbd2 Qe6 8.
Be2 f5 9. Nc4 Nf6 10. Nxd6+ cxd6 11. Nh4 O-O 12. O-O f4 13. Bd2 Bd7 14. Nf3 Ne7
15. Qc2 Kh8 16. Be1 Qf7 17. Nd2 Qg6 18. Nc4 Nh7 19. Bf3 Rab8 20. Kh1 Bc6 21.
Qe2 Ng5 22. Bxc6 bxc6 23. Qg4 f3 24. g3 Qf6 25. Bd2 Nh7 26. Rfe1 Ng6 27. Re4 d5
28. Re3 dxc4 29. dxc4 Rbd8 30. Be1 Rd6 31. Rc1 Rfd8 32. Kg1 Rd1 33. Rxd1 Rxd1
34. Kf1 Ng5 35. h4 Ne6 36. Rxf3 Nef4 37. gxf4 Nxf4 38. Qc8+ Kh7 39. Qg4 Qd6 40.
Qf5+ Kh8 41. Qe4 1-0

[Event "FICS rated blitz game"]
[Site "FICS freechess.org"]
[Date "2018.01.23"]
[Round "?"]
[White "capricornus"]
[Black "mannouch"]
[Result "1-0"]
[WhiteElo "1353"]
[BlackElo "1369"]
[PlyCount "117"]
[EventDate "2018.??.??"]
[EventType "blitz"]

1. e4 e5 2. Nf3 Nc6 3. c3 Bd6 4. b4 a6 5. Bb2 Qf6 6. Be2 Nh6 7. O-O Qf4 8. d3
Ng4 9. Bc1 Qf6 10. h3 Nh6 11. Nbd2 Be7 12. Nc4 d6 13. Bg5 Qg6 14. Bxe7 Nxe7 15.
Kh2 Ng4+ 16. Kh1 Nh6 17. Nh4 Qg5 18. g3 Bxh3 19. Kh2 Bxf1 20. Bxf1 Ng4+ 21. Kg2
h5 22. Be2 Ng6 23. Nf5 Ne7 24. Nxe7 Kxe7 25. d4 Nf6 26. dxe5 dxe5 27. Qc2 h4
28. Ne3 hxg3 29. fxg3 Qh6 30. Nf5+ Ke6 31. Nxh6 Rxh6 32. Rh1 Rg6 33. Qb3+ Ke7
34. Bc4 Rf8 35. Qa4 c6 36. Qb3 Nxe4 37. Bd3 Nd2 38. Qc2 Rd6 39. Qxd2 Rfd8 40.
Rd1 Rxd3 41. Qg5+ f6 42. Qxg7+ Ke6 43. Qg4+ Kf7 44. Qh5+ Ke6 45. Rxd3 Rxd3 46.
Qg4+ Ke7 47. Qg7+ Ke6 48. Qg8+ Ke7 49. Qc4 Rd2+ 50. Kh3 Rd5 51. Qg4 Rd6 52.
Qg7+ Ke6 53. Qxb7 e4 54. Qxa6 e3 55. a4 Rd5 56. a5 Re5 57. Qe2 Kd7 58. Kg4 Kc7
59. Kf3 1-0